| 000 | 00398pab a2200157 454500 | ||
|---|---|---|---|
| 008 | 180718b2002 xxu||||| |||| 00| 0 eng d | ||
| 100 | _aLever, W.F. | ||
| 245 | _aCorrelating the knowledge-base of cities with economic growth | ||
| 260 | _c2002 | ||
| 300 | _ap.859-70. | ||
| 362 | _aMay | ||
| 650 | _aUrban development | ||
| 650 | _aEconomic growth | ||
| 773 | _aUrban Studies | ||
| 909 | _a53215 | ||
| 999 |
_c53215 _d53215 |
||